[Event "County"]
[Site "?"]
[Date "1978.??.??"]
[Round "?"]
[White "Aitken, James"]
[Black "Brameld, Arthur F"]
[Result "1/2-1/2"]
[WhiteElo "2165"]
[BlackElo "2125"]
[PlyCount "89"]
[EventDate "1978.??.??"]
[EventType "simul"]
[EventRounds "2"]

1. e4 Nf6 2. e5 Nd5 3. d4 d6 4. Nf3 g6 5. Be2 Bg7 6. O-O O-O 7. c4 Nb6 8. Bf4 Bg4 9. exd6 cxd6 10. a4 Nc6 11. a5 Bxf3 12. Bxf3 Nxc4 13. Bxc6 bxc6 14. Qc2 d5 15. b3 Nd6 16. Qxc6 Nf5 17. Be3 Nxd4 18. Bxd4 Bxd4 19. Ra4 e5 20. Nd2 Rc8 21. Qa6 Bc3 22. Nf3 e4 23. Nd4 Qe7 24. Qe2 Bxd4 25. Rxd4 Qc5 26. Qd2 Rfd8 27. Rd1 Qc3 28. Qxc3 Rxc3 29. b4 Rb8 30. Rxd5 Rxb4 31. Rd7 Rb2 32. Re7 Rcc2 33. Rxe4 Rxf2 34. Rg4 Rfc2 35. h4 Ra2 36. Rd5 Rc1+ 37. Kh2 Rca1 38. Rf4 Rxa5 39. Rd7 Rf5 40. Rxf5 gxf5 41. Rd5 Ra4 42. g3 f4 43. gxf4 Rxf4 44. Ra5 Rxh4+ 45. Kg3 1/2-1/2

[Event "County"]
[Site "?"]
[Date "1992.??.??"]
[Round "?"]
[White "Brameld, Arthur F"]
[Black "Egginton, DC."]
[Result "1/2-1/2"]
[WhiteElo "2095"]
[BlackElo "1940"]
[PlyCount "86"]
[EventDate "1992.??.??"]
[EventType "simul"]
[EventRounds "5"]

1. e4 c6 2. d4 d5 3. Nc3 dxe4 4. Nxe4 Bf5 5. Ng3 Bg6 6. h4 h6 7. h5 Bh7 8. Nf3 Nf6 9. Bd3 Bxd3 10. Qxd3 e6 11. Bd2 Nbd7 12. O-O-O Qc7 13. Kb1 O-O-O 14. c4 c5 15. Bc3 Bd6 16. Ne4 Nxe4 17. Qxe4 Nf6 18. Qe2 Qc6 19. d5 Qd7 20. dxe6 Qxe6 21. Qxe6+ fxe6 22. Rde1 Rhe8 23. Ne5 Re7 24. Ng6 Ree8 25. Ne5 Re7 26. f3 Kc7 27. Kc2 b6 28. b3 a6 29. a4 Kb7 30. Re2 Bc7 31. g4 Bxe5 32. Bxe5 Nd7 33. Bd6 Rf7 34. Rf1 Re8 35. Bg3 Kc6 36. Bh4 e5 37. f4 Rff8 38. f5 Nf6 39. Bxf6 gxf6 40. Rd1 Rd8 41. Rxd8 Rxd8 42. Rd2 Rd4 43. Rxd4 exd4 1/2-1/2

[Event "County"]
[Site "?"]
[Date "1981.??.??"]
[Round "?"]
[White "Windebank, G."]
[Black "Brameld, Arthur F"]
[Result "1/2-1/2"]
[WhiteElo "2070"]
[BlackElo "2150"]
[PlyCount "35"]
[EventDate "1981.??.??"]
[EventType "simul"]
[EventRounds "4"]

1. Nf3 g6 2. c4 Bg7 3. Nc3 e5 4. d4 exd4 5. Nxd4 Nc6 6. Nxc6 bxc6 7. e4 d6 8. Be3 Nf6 9. Be2 O-O 10. O-O Qe7 11. Bf3 Be6 12. Qa4 Nd7 13. Rad1 Ne5 14. Be2 Rfb8 15. Bc1 c5 16. Nd5 Bxd5 17. exd5 Qh4 18. Qc2 1/2-1/2

[Event "County"]
[Site "?"]
[Date "1974.??.??"]
[Round "?"]
[White "Waters, P."]
[Black "Brameld, Arthur F"]
[Result "1/2-1/2"]
[WhiteElo "2230"]
[BlackElo "2045"]
[PlyCount "47"]
[EventDate "1974.??.??"]
[EventType "simul"]
[EventRounds "6"]

1. e4 Nf6 2. e5 Nd5 3. d4 d6 4. Nf3 g6 5. Bc4 Nb6 6. Bb3 Bg7 7. Ng5 d5 8. f4 O-O 9. O-O f6 10. Nf3 Be6 11. Nbd2 Qd7 12. c3 Nc6 13. Rf2 Rf7 14. Nf1 Raf8 15. Bc2 fxe5 16. fxe5 Bg4 17. Ng3 Nd8 18. Qd3 Bxf3 19. gxf3 Qh3 20. f4 Ne6 21. f5 gxf5 22. Rxf5 Rxf5 23. Nxf5 Qxd3 24. Bxd3 1/2-1/2

[Event "County"]
[Site "?"]
[Date "1973.??.??"]
[Round "?"]
[White "Hutcheson, J."]
[Black "Brameld, Arthur F"]
[Result "1-0"]
[WhiteElo "2085"]
[BlackElo "2180"]
[PlyCount "69"]
[EventDate "1973.??.??"]
[EventType "simul"]
[EventRounds "3"]

1. e4 d6 2. d4 Nf6 3. Nc3 g6 4. f3 c6 5. Be3 Bg7 6. Qd2 b5 7. Bd3 Nbd7 8. Nge2 a6 9. a4 b4 10. Nd1 a5 11. Bh6 Bxh6 12. Qxh6 Ba6 13. Nf2 c5 14. Bxa6 Rxa6 15. O-O cxd4 16. Nxd4 Qb6 17. Rad1 Ra8 18. Kh1 Rc8 19. f4 Rc5 20. f5 Rg8 21. Rfe1 Qb7 22. Qf4 g5 23. Qe3 Ne5 24. Nd3 Nxd3 25. cxd3 Ng4 26. Qe2 h5 27. Rc1 Qb6 28. h3 Ne5 29. Nb3 Rxc1 30. Rxc1 Kd7 31. d4 Nc6 32. Qxh5 Nxd4 33. Nxd4 Qxd4 34. Qxf7 Rb8 35. Qe6+ 1-0

[Event "County"]
[Site "?"]
[Date "1982.??.??"]
[Round "?"]
[White "Brameld, Arthur F"]
[Black "Trow, R."]
[Result "0-1"]
[WhiteElo "2150"]
[BlackElo "2120"]
[PlyCount "82"]
[EventDate "1982.??.??"]
[EventType "simul"]
[EventRounds "3"]

1. e4 c5 2. Nf3 e6 3. Nc3 a6 4. d4 cxd4 5. Nxd4 Nc6 6. Be3 Qc7 7. Be2 b5 8. a3 Bb7 9. O-O Nf6 10. Nxc6 Bxc6 11. Bf3 h5 12. g3 h4 13. Bf4 Qb7 14. Re1 O-O-O 15. Bd6 hxg3 16. hxg3 Nh7 17. Bxf8 Rdxf8 18. Qd6 Ng5 19. Bg2 Qc7 20. Qxc7+ Kxc7 21. Re3 f5 22. exf5 Rxf5 23. Nd1 Nf3+ 24. Kf1 Rh2 25. Rd3 Ne5 26. Bxc6 Nxd3 27. Be4 Nxf2 28. Bxf5 Nxd1 29. Be4 Nxb2 30. Kg1 Re2 31. Bg6 Nc4 32. Bd3 Rd2 33. a4 Kb6 34. axb5 axb5 35. Rb1 Kc5 36. Rf1 Ne5 37. Be4 d5 38. Bh7 b4 39. Rf8 Kd4 40. Re8 Nf3+ 41. Kf1 e5 0-1

[Event "County"]
[Site "?"]
[Date "1973.??.??"]
[Round "?"]
[White "Kingdon, Frank"]
[Black "Brameld, Arthur F"]
[Result "1-0"]
[WhiteElo "2030"]
[BlackElo "2180"]
[PlyCount "91"]
[EventDate "1973.??.??"]
[EventType "simul"]
[EventRounds "3"]

1. d4 Nf6 2. c4 g6 3. Nc3 Bg7 4. e4 d6 5. h3 O-O 6. Be3 Nbd7 7. Qc2 c6 8. Nf3 a6 9. a4 e5 10. dxe5 dxe5 11. Be2 Nh5 12. O-O Nf4 13. Rad1 Qe7 14. Qd2 Qb4 15. Bxf4 exf4 16. Nd5 Qxb2 17. Qxb2 Bxb2 18. Ne7+ Kg7 19. Nxc8 Nc5 20. Nb6 Rad8 21. Rxd8 Rxd8 22. Rd1 Rxd1+ 23. Bxd1 Nxe4 24. Nd7 f6 25. Bc2 Ng5 26. Nxg5 fxg5 27. Nc5 b5 28. Nxa6 bxc4 29. Nb8 Kf7 30. a5 Ke6 31. a6 Bd4 32. Nxc6 Bb6 33. a7 Bxa7 34. Nxa7 Kd5 35. Kf1 Kd4 36. Nb5+ Kc5 37. Nc7 Kd6 38. Nb5+ Kc5 39. Nc3 Kd4 40. Ne2+ Ke5 41. Ke1 h5 42. Bxg6 g4 43. Bxh5 f3 44. Bxg4 fxg2 45. Bf3 c3 46. Bxg2 1-0

[Event "County"]
[Site "?"]
[Date "1973.??.??"]
[Round "?"]
[White "Brameld, Arthur F"]
[Black "Meade, P."]
[Result "1/2-1/2"]
[WhiteElo "2180"]
[BlackElo "2200"]
[PlyCount "51"]
[EventDate "1973.??.??"]
[EventType "simul"]
[EventRounds "3"]

1. e4 c5 2. Nf3 Nc6 3. d4 cxd4 4. Nxd4 e6 5. Nc3 Qc7 6. g3 a6 7. Bg2 Nf6 8. O-O Be7 9. h3 O-O 10. Nxc6 bxc6 11. f4 d5 12. e5 Nd7 13. Ne2 Bb7 14. Be3 c5 15. c3 a5 16. Kh2 a4 17. Rb1 Bc6 18. Nc1 Rad8 19. b4 axb3 20. axb3 Ra8 21. Rf2 Ra3 22. Rfb2 Rfa8 23. Qd2 Qb7 24. Nd3 Qa6 25. Bf1 Qa5 26. b4 1/2-1/2

[Event "County"]
[Site "?"]
[Date "1972.??.??"]
[Round "?"]
[White "Northage, R."]
[Black "Brameld, Arthur F"]
[Result "1/2-1/2"]
[WhiteElo "2100"]
[BlackElo "2180"]
[PlyCount "50"]
[EventDate "1972.??.??"]
[EventType "simul"]
[EventRounds "3"]

1. e4 c5 2. Nf3 a6 3. d4 cxd4 4. c4 e5 5. Bd3 Nc6 6. O-O d6 7. Ne1 Be7 8. f4 Bd7 9. Nd2 Nf6 10. Ndf3 Qb6 11. Nc2 Ng4 12. Qe2 h6 13. h3 Nf6 14. Qf2 O-O-O 15. Bd2 g5 16. fxg5 hxg5 17. Nxg5 Rdg8 18. h4 Ng4 19. Qe1 f6 20. Nf3 Rg7 21. b4 Na7 22. a4 Qd8 23. b5 a5 24. Bxa5 b6 25. Bd2 f5 1/2-1/2

[Event "County"]
[Site "?"]
[Date "1992.??.??"]
[Round "?"]
[White "Heath, C."]
[Black "Brameld, Arthur F"]
[Result "1/2-1/2"]
[WhiteElo "2080"]
[BlackElo "2095"]
[PlyCount "54"]
[EventDate "1992.??.??"]
[EventType "simul"]
[EventRounds "5"]

1. e4 Nf6 2. e5 Nd5 3. d4 d6 4. c4 Nb6 5. exd6 cxd6 6. Nf3 g6 7. Be2 Bg7 8. O-O O-O 9. Nc3 Nc6 10. Be3 Bg4 11. b3 d5 12. cxd5 Nxd5 13. Nxd5 Qxd5 14. Rc1 Rad8 15. h3 Bxf3 16. Bxf3 Qa5 17. Bxc6 bxc6 18. Qe2 Rd6 19. Rc5 Qd8 20. Rfc1 Qd7 21. Qf3 Bxd4 22. Bxd4 Rxd4 23. Rxc6 Rd3 24. Rc7 Qd4 25. Qg4 Qb2 26. R7c2 Qe5 27. Qe2 Qxe2 1/2-1/2

[Event "County"]
[Site "?"]
[Date "1972.??.??"]
[Round "?"]
[White "Gunn, A."]
[Black "Brameld, Arthur F"]
[Result "0-1"]
[WhiteElo "1760"]
[BlackElo "2180"]
[PlyCount "88"]
[EventDate "1972.??.??"]
[EventType "simul"]
[EventRounds "3"]

1. d4 Nf6 2. c4 e6 3. Nc3 c5 4. d5 exd5 5. cxd5 d6 6. Nf3 g6 7. e4 Bg7 8. Bb5+ Bd7 9. O-O a6 10. Bd3 O-O 11. Bf4 Bg4 12. h3 Bxf3 13. Qxf3 b5 14. a3 Re8 15. Rfe1 Qb6 16. Re2 Nbd7 17. Qe3 Nh5 18. Bh2 Bd4 19. Qd2 Ne5 20. Kh1 Nxd3 21. Qxd3 c4 22. Qd2 Re7 23. Rd1 Bg7 24. g4 Nf6 25. e5 dxe5 26. Bxe5 Ne4 27. Nxe4 Rxe5 28. f4 Re7 29. d6 Rd7 30. Qd5 Rad8 31. Red2 Qe3 32. Rf2 Qxh3+ 33. Kg1 Qxg4+ 34. Kf1 Re8 35. Re1 Qh3+ 36. Kg1 Red8 37. Rh2 Qg4+ 38. Rg2 Qxf4 39. Rf1 Qe5 40. Qc6 f5 41. Ng5 Qxd6 42. Qf3 Qd4+ 43. Kh1 Qh4+ 44. Nh3 Rd3 0-1

[Event "County"]
[Site "?"]
[Date "1974.??.??"]
[Round "?"]
[White "Brameld, Arthur F"]
[Black "Parsons, C."]
[Result "1-0"]
[WhiteElo "2045"]
[BlackElo "1935"]
[PlyCount "84"]
[EventDate "1974.??.??"]
[EventType "simul"]
[EventRounds "6"]

1. e4 c5 2. Nf3 e6 3. d4 cxd4 4. Nxd4 a6 5. Bd3 Nc6 6. c3 e5 7. Nxc6 dxc6 8. Be3 Nf6 9. h3 Qc7 10. a4 b6 11. Nd2 Bb7 12. O-O Be7 13. Nc4 c5 14. Qb3 Bxe4 15. Bxe4 Nxe4 16. Qxb6 Qxb6 17. Nxb6 Rd8 18. Rfd1 f6 19. Rxd8+ Bxd8 20. a5 Be7 21. Na4 c4 22. Nb6 f5 23. f3 f4 24. fxe4 fxe3 25. Nxc4 Bc5 26. b4 Ba7 27. Nb6 O-O 28. Re1 Rf6 29. Rxe3 Bxb6 30. axb6 Rxb6 31. Rd3 Kf7 32. Kf2 Ke6 33. Ke2 Rb7 34. Rd5 Rc7 35. Kd3 Rf7 36. Ra5 Rf2 37. Rxa6+ Ke7 38. Kc4 Rxg2 39. Kd5 Rg3 40. c4 Rxh3 41. Kxe5 Rh5+ 42. Kd4 Rh1 1-0

[Event "County"]
[Site "?"]
[Date "1974.??.??"]
[Round "?"]
[White "Brameld, Arthur F"]
[Black "Spindler, M."]
[Result "1-0"]
[WhiteElo "2000"]
[BlackElo "1880"]
[PlyCount "107"]
[EventDate "1974.??.??"]
[EventType "simul"]
[EventRounds "6"]

1. e4 c5 2. Nf3 d6 3. d4 cxd4 4. Qxd4 a6 5. Be3 Nc6 6. Qb6 Qxb6 7. Bxb6 Nf6 8. Nc3 g6 9. Rd1 Bg7 10. e5 Nd7 11. Nd5 O-O 12. exd6 exd6 13. c3 Nde5 14. Nxe5 dxe5 15. Nc7 Rb8 16. Bc5 Bf5 17. Bxf8 Bxf8 18. Bd3 e4 19. Bc2 Bc5 20. Nd5 Kg7 21. Ne3 Bxe3 22. fxe3 Ne5 23. Rd4 Rc8 24. Bxe4 Bxe4 25. Rxe4 Nd3+ 26. Ke2 Nxb2 27. Rb4 Nc4 28. Rxb7 Re8 29. Kd3 Ne5+ 30. Kd4 Nc6+ 31. Kd3 Ne5+ 32. Kc2 Ng4 33. Kb3 Nxe3 34. Re1 Re6 35. a4 h5 36. g3 g5 37. c4 Nxc4 38. Rxe6 Na5+ 39. Kb4 Nxb7 40. Rxa6 Nd8 41. Rd6 Ne6 42. Rxe6 fxe6 43. a5 Kf6 44. a6 Kf5 45. a7 Kg4 46. a8=Q Kh3 47. Qh1 e5 48. Kc4 h4 49. gxh4 gxh4 50. Qf3+ Kxh2 51. Kd3 h3 52. Ke2 e4 53. Qf2+ Kh1 54. Kf1 1-0

[Event "County"]
[Site "?"]
[Date "1974.??.??"]
[Round "?"]
[White "Brameld, Arthur F"]
[Black "Line, N."]
[Result "1/2-1/2"]
[WhiteElo "2000"]
[BlackElo "2045"]
[PlyCount "51"]
[EventDate "1974.??.??"]
[EventType "simul"]
[EventRounds "6"]

1. e4 e5 2. Nf3 Nc6 3. d4 exd4 4. c3 d3 5. Bxd3 Nf6 6. O-O Bc5 7. b4 Bb6 8. e5 Nd5 9. Bc4 Nde7 10. a4 a6 11. Qb3 O-O 12. Bg5 Qe8 13. Bxe7 Qxe7 14. Re1 Kh8 15. Ra2 f6 16. e6 dxe6 17. Bxe6 Ne5 18. Nxe5 fxe5 19. Rxe5 Qf6 20. Ree2 Bxe6 21. Qxe6 Bxf2+ 22. Kh1 Qxe6 23. Rxe6 Be3 24. g3 Rf1+ 25. Kg2 Rg1+ 26. Kh3 1/2-1/2

[Event "County"]
[Site "?"]
[Date "1962.??.??"]
[Round "?"]
[White "Brameld, Arthur F"]
[Black "Du Puget, E."]
[Result "0-1"]
[WhiteElo "2135"]
[BlackElo "1960"]
[PlyCount "56"]
[EventDate "1962.??.??"]
[EventType "simul"]
[EventRounds "2"]

1. e4 e5 2. Nf3 Nc6 3. c3 d5 4. Qa4 dxe4 5. Nxe5 Qd6 6. Nxc6 bxc6 7. Qxe4+ Be7 8. Bc4 Nf6 9. Qe2 O-O 10. h3 Re8 11. O-O Bf8 12. Qf3 Be6 13. Bxe6 Rxe6 14. d4 Rb8 15. b3 Qd7 16. Be3 Nd5 17. c4 Rf6 18. Qg3 Bd6 19. Qh4 Nxe3 20. fxe3 Bh2+ 21. Kxh2 Rxf1 22. c5 Re8 23. Qg3 Re7 24. a4 Qf5 25. e4 Qf6 26. Qe3 Qh4 27. g3 Rxe4 28. Qd3 Rh1+ 0-1

[Event "County"]
[Site "?"]
[Date "1974.??.??"]
[Round "?"]
[White "Wheeler, George"]
[Black "Brameld, Arthur F"]
[Result "1/2-1/2"]
[WhiteElo "2110"]
[BlackElo "2000"]
[PlyCount "84"]
[EventDate "1974.??.??"]
[EventType "simul"]
[EventRounds "6"]

1. c4 e5 2. Nc3 d6 3. g3 f5 4. d3 Nf6 5. Bg2 c6 6. Nf3 a5 7. O-O Be7 8. Rb1 O-O 9. a3 Na6 10. b4 axb4 11. axb4 Bd7 12. b5 Nc5 13. d4 e4 14. dxc5 exf3 15. Bxf3 dxc5 16. bxc6 Bxc6 17. Bxc6 bxc6 18. Rb7 Qe8 19. Bf4 Rd8 20. Qa4 Nh5 21. Bc7 Ra8 22. Qb3 Qg6 23. e3 Bd6 24. Bxd6 Qxd6 25. Rd1 Qe5 26. Ne2 Qe4 27. Qd3 Qf3 28. Nf4 Ra2 29. Qf1 Nxf4 30. exf4 Rfa8 31. Re1 h6 32. Qg2 Qc3 33. Rf1 Qxc4 34. Qxc6 Ra1 35. Rbb1 R1a6 36. Qd7 Qe6 37. Qxe6+ Rxe6 38. Rfc1 Rc6 39. Rc4 Rac8 40. Re1 Kf7 41. Kg2 Kf6 42. Re5 g6 1/2-1/2

[Event "County"]
[Site "?"]
[Date "1962.??.??"]
[Round "?"]
[White "Brameld, Arthur F"]
[Black "Whitbread, A."]
[Result "0-1"]
[WhiteElo "2135"]
[BlackElo "2040"]
[PlyCount "95"]
[EventDate "1962.??.??"]
[EventType "simul"]
[EventRounds "2"]

1. d4 Nf6 2. c4 g6 3. Nc3 Bg7 4. e4 d6 5. f4 c5 6. dxc5 Qa5 7. Bd3 Qxc5 8. Nf3 Bg4 9. Qe2 O-O 10. Be3 Qc7 11. O-O Nbd7 12. Rac1 a6 13. h3 Bxf3 14. Rxf3 Rac8 15. g4 Nc5 16. Bb1 Qc6 17. Qc2 Nfd7 18. Nd5 Rfe8 19. Nb4 Qa4 20. Qd2 Nb6 21. b3 Qa3 22. Nd5 Nxd5 23. exd5 b5 24. Rcf1 Qb2 25. Qxb2 Bxb2 26. cxb5 axb5 27. f5 Rf8 28. Bh6 Bg7 29. Bxg7 Kxg7 30. f6+ exf6 31. Rxf6 Rcd8 32. g5 Rd7 33. Bc2 Re8 34. R1f2 Ne4 35. Bxe4 Rxe4 36. R6f4 Re5 37. Rd2 Rxg5+ 38. Kh2 Rc7 39. Rfd4 Rc5 40. a4 bxa4 41. bxa4 Re5 42. Kg3 Re3+ 43. Kg2 Ra3 44. Rb2 Ra5 45. Rb6 Rc5 46. Rb2 Rcc3 47. h4 Rc5 48. Kf2 0-1

[Event "County"]
[Site "?"]
[Date "1982.??.??"]
[Round "?"]
[White "Brameld, Arthur F"]
[Black "Menadue, J."]
[Result "1/2-1/2"]
[WhiteElo "2150"]
[BlackElo "1975"]
[PlyCount "84"]
[EventDate "1982.??.??"]
[EventType "simul"]
[EventRounds "3"]

1. e4 c5 2. Nf3 d6 3. d4 cxd4 4. Qxd4 a6 5. c4 Nc6 6. Qd2 Nf6 7. Nc3 g6 8. b3 Bg7 9. Bb2 O-O 10. h3 Qa5 11. Bd3 Nb4 12. Bb1 Qh5 13. Ne2 Nc6 14. Nf4 Qc5 15. Nd5 b5 16. cxb5 axb5 17. O-O Nxd5 18. Bxg7 Kxg7 19. exd5 Ne5 20. Nxe5 dxe5 21. Rc1 Qa7 22. Qe2 Qd4 23. Bd3 Bb7 24. Qe4 Qxe4 25. Bxe4 e6 26. Rc5 exd5 27. Bxd5 Bxd5 28. Rxd5 b4 29. Rxe5 Rfc8 30. Rb5 Rc2 31. Rxb4 Rcxa2 32. Rxa2 Rxa2 33. Rb6 Ra1+ 34. Kh2 Rb1 35. b4 Rb2 36. Kg3 Kf8 37. f4 Ke7 38. Kf3 Rb3+ 39. Kg4 h5+ 40. Kh4 Rb2 41. g3 Rb3 42. Rb5 Ke6 1/2-1/2

[Event "County"]
[Site "?"]
[Date "1974.??.??"]
[Round "?"]
[White "Meade, P."]
[Black "Brameld, Arthur F"]
[Result "1/2-1/2"]
[WhiteElo "2140"]
[BlackElo "2000"]
[PlyCount "47"]
[EventDate "1974.??.??"]
[EventType "simul"]
[EventRounds "6"]

1. e4 Nf6 2. e5 Nd5 3. d4 d6 4. Nf3 g6 5. c4 Nb6 6. Be3 Bg7 7. exd6 cxd6 8. Nc3 O-O 9. Be2 Nc6 10. O-O d5 11. c5 Nc4 12. Bxc4 dxc4 13. Qe2 Bg4 14. Rfd1 Bxf3 15. Qxf3 Nxd4 16. Bxd4 Bxd4 17. Nb5 e5 18. Qe2 Qd7 19. Qxc4 Rfd8 20. Rd2 Qg4 21. Nxd4 Rxd4 22. Rxd4 exd4 23. h3 Qe4 24. Rd1 1/2-1/2

[Event "County"]
[Site "?"]
[Date "1993.??.??"]
[Round "?"]
[White "Brameld, Arthur F"]
[Black "Hopkins, J."]
[Result "1-0"]
[WhiteElo "2095"]
[BlackElo "2020"]
[PlyCount "31"]
[EventDate "1993.??.??"]
[EventType "simul"]
[EventRounds "3"]

1. e4 c5 2. Nf3 Nc6 3. b4 cxb4 4. d4 d5 5. exd5 Qxd5 6. c4 bxc3 7. Nxc3 Qa5 8. d5 Qxc3+ 9. Bd2 Qf6 10. dxc6 bxc6 11. Rb1 g6 12. Be2 Bg7 13. Ba5 e6 14. O-O Nh6 15. Qd6 Bd7 16. Rb8+ 1-0

[Event "County"]
[Site "?"]
[Date "1982.??.??"]
[Round "?"]
[White "Dodwell, Philip"]
[Black "Brameld, Arthur F"]
[Result "1/2-1/2"]
[WhiteElo "2100"]
[BlackElo "2150"]
[PlyCount "51"]
[EventDate "1982.??.??"]
[EventType "simul"]
[EventRounds "3"]

1. e4 Nf6 2. d3 e5 3. f4 d6 4. Nf3 Nc6 5. Be2 g6 6. O-O Bg7 7. Nc3 Bg4 8. Qe1 Bxf3 9. Bxf3 Nd4 10. Bd1 Qd7 11. Ne2 Nxe2+ 12. Bxe2 exf4 13. Bxf4 O-O 14. Qh4 Qb5 15. Rae1 Qxb2 16. Bg5 Nd7 17. Rf3 h5 18. Rh3 Bf6 19. Rf1 Bxg5 20. Qxg5 Qe5 21. Rxh5 Qxg5 22. Rxg5 Kg7 23. h4 Rae8 24. Ra5 a6 25. Rg5 Re5 26. Rxe5 1/2-1/2

[Event "County"]
[Site "?"]
[Date "1993.??.??"]
[Round "?"]
[White "White, I."]
[Black "Brameld, Arthur F"]
[Result "1/2-1/2"]
[WhiteElo "1980"]
[BlackElo "2095"]
[PlyCount "109"]
[EventDate "1993.??.??"]
[EventType "simul"]
[EventRounds "3"]

1. e4 Nf6 2. e5 Nd5 3. d4 d6 4. Nf3 Bg4 5. Be2 e6 6. O-O Be7 7. c4 Nb6 8. Nc3 O-O 9. Be3 d5 10. c5 Bxf3 11. gxf3 N6d7 12. b4 b6 13. f4 a5 14. a3 f5 15. Qb3 Kh8 16. Nb5 c6 17. Nd6 Bxd6 18. cxd6 a4 19. Qc3 b5 20. Kh1 Nb6 21. Rg1 Nc4 22. Rg2 Ra7 23. Rag1 g6 24. Bc1 Rg7 25. Rg5 Nd7 26. Qh3 Kg8 27. Qh6 Qb6 28. Rd1 Rff7 29. h4 Nf8 30. Rd3 Qa7 31. Kg2 Qb6 32. Kf1 Qa7 33. Ke1 Qb6 34. Kd1 Qa7 35. Kc2 Qb6 36. Kc3 Qa7 37. Rdg3 Nb6 38. Rg1 Nc4 39. R5g3 Qb6 40. h5 Qd8 41. Qg5 Qxg5 42. fxg5 gxh5 43. Bxh5 Ng6 44. Rh1 Ra7 45. Rgh3 Nf8 46. Kd3 Ra8 47. Be2 Ng6 48. Rh6 Raa7 49. Bh5 Nb6 50. Ke2 Rab7 51. Bf3 Ra7 52. Bh5 Rab7 53. Kf3 Ra7 54. Kg3 Rab7 55. Be2 1/2-1/2

[Event "County"]
[Site "?"]
[Date "1990.??.??"]
[Round "?"]
[White "Brameld, Arthur F"]
[Black "Winch, C."]
[Result "1-0"]
[WhiteElo "2100"]
[BlackElo "1925"]
[PlyCount "95"]
[EventDate "1990.??.??"]
[EventType "simul"]
[EventRounds "5"]

1. e4 c5 2. Nf3 d6 3. d4 cxd4 4. Qxd4 a6 5. c4 Nc6 6. Qd2 Nf6 7. Nc3 g6 8. b3 Bg7 9. Bb2 O-O 10. h3 Qa5 11. Bd3 e6 12. a3 Ne5 13. Nxe5 Qxe5 14. O-O-O Qc5 15. Bc2 Ne8 16. f4 b5 17. cxb5 axb5 18. b4 Qb6 19. g4 Bb7 20. Rhf1 Qc6 21. Nb1 Bxb2+ 22. Kxb2 Rc8 23. Nc3 Nf6 24. Bd3 Ba6 25. Rc1 Qb6 26. Qf2 Qb7 27. Qe2 Qb6 28. Rfe1 d5 29. e5 Ne4 30. Bxe4 dxe4 31. Qe3 Qd8 32. Red1 Qe7 33. Nxe4 Rxc1 34. Rxc1 Rd8 35. Nd6 f6 36. Rc6 Bb7 37. Rb6 Bd5 38. Nxb5 fxe5 39. Qxe5 Qh4 40. Qe3 Qf6+ 41. Nc3 Rc8 42. Qe5 Qh4 43. Qe3 Rf8 44. Nxd5 exd5 45. Rb7 Rd8 46. Qe6+ Kh8 47. Qe5+ Kg8 48. Qg7# 1-0

[Event "County"]
[Site "?"]
[Date "1990.??.??"]
[Round "?"]
[White "Lingham, R."]
[Black "Brameld, Arthur F"]
[Result "0-1"]
[WhiteElo "2005"]
[BlackElo "2100"]
[PlyCount "74"]
[EventDate "1990.??.??"]
[EventType "simul"]
[EventRounds "5"]

1. e4 Nf6 2. e5 Nd5 3. Nc3 Nxc3 4. bxc3 d5 5. d4 c5 6. Ne2 Nc6 7. f4 Bg4 8. h3 Bxe2 9. Bxe2 e6 10. O-O g6 11. Be3 c4 12. g4 Ne7 13. Bf2 Nc6 14. Qe1 Be7 15. Bg3 Qd7 16. f5 gxf5 17. gxf5 h5 18. Bh4 O-O-O 19. f6 Ba3 20. Kh2 Rdg8 21. Qd2 Qc7 22. Bg5 Bb2 23. Rab1 Bxc3 24. Qxc3 Rxg5 25. Rg1 Rxg1 26. Rxg1 Qb6 27. Rg7 Qxd4 28. Qxd4 Nxd4 29. Bd1 Rf8 30. Bxh5 Nxc2 31. Bxf7 Nd4 32. Rg8 Rxg8 33. Bxg8 Kd7 34. Kg3 c3 35. Bh7 Nf5+ 36. Bxf5 exf5 37. Kf4 c2 0-1

[Event "County"]
[Site "?"]
[Date "1989.??.??"]
[Round "?"]
[White "Varley, Peter"]
[Black "Brameld, Arthur F"]
[Result "1-0"]
[WhiteElo "2175"]
[BlackElo "2100"]
[PlyCount "83"]
[EventDate "1989.??.??"]
[EventType "simul"]
[EventRounds "3"]

1. e4 Nf6 2. e5 Nd5 3. d4 d6 4. c4 Nb6 5. f4 g5 6. Nc3 gxf4 7. Bxf4 Bf5 8. Nf3 Bg7 9. Bd3 Qd7 10. exd6 cxd6 11. O-O Nc6 12. d5 Nb4 13. Be2 O-O 14. Qd2 Rac8 15. Bh6 Nxc4 16. Qg5 Bg6 17. Bxg7 Kxg7 18. Nd4 h6 19. Qg3 Ne5 20. a3 Na6 21. h4 Kh8 22. Qf4 Kg7 23. Qg3 Kh8 24. Qf4 Kg7 25. h5 Bh7 26. Ne4 Rg8 27. Nf6 exf6 28. Qxf6+ Kf8 29. Qxh6+ Ke7 30. Qxh7 Rcf8 31. Qe4 Qh3 32. Nf5+ Kd8 33. b4 Rg5 34. Rf2 Rfg8 35. Rc1 Qxa3 36. Qc2 Rxf5 37. Rxf5 Qe3+ 38. Kf1 Ke7 39. Bxa6 bxa6 40. Qc7+ Ke8 41. Qc8+ Ke7 42. Rc7+ 1-0

[Event "County"]
[Site "?"]
[Date "1981.??.??"]
[Round "?"]
[White "Brameld, Arthur F"]
[Black "Wheeler, George"]
[Result "0-1"]
[WhiteElo "2175"]
[BlackElo "2070"]
[PlyCount "58"]
[EventDate "1981.??.??"]
[EventType "simul"]
[EventRounds "4"]

1. e4 c5 2. Nf3 Nc6 3. b4 cxb4 4. d4 d5 5. exd5 Qxd5 6. c4 bxc3 7. Nxc3 Qa5 8. d5 e6 9. dxc6 Qxc3+ 10. Bd2 Qxc6 11. Qb3 Qe4+ 12. Be3 Qb4+ 13. Nd2 Qxb3 14. axb3 Nf6 15. Bb5+ Bd7 16. Bxd7+ Kxd7 17. O-O Bb4 18. Nc4 Nd5 19. Bxa7 Bc3 20. Ra3 b5 21. Rd1 Kc6 22. Ne3 Rhd8 23. Nxd5 Rxd5 24. Rxd5 exd5 25. Bc5 Re8 26. Be3 d4 27. Ra7 dxe3 28. fxe3 Rxe3 29. Rxf7 Bd4 0-1

[Event "County"]
[Site "?"]
[Date "1975.??.??"]
[Round "?"]
[White "Lowe, W."]
[Black "Brameld, Arthur F"]
[Result "1/2-1/2"]
[WhiteElo "1960"]
[BlackElo "2045"]
[PlyCount "68"]
[EventDate "1975.??.??"]
[EventType "simul"]
[EventRounds "7"]

1. d4 Nf6 2. Nc3 d5 3. Bg5 Ne4 4. Nxe4 dxe4 5. c4 c6 6. f3 h6 7. Be3 e5 8. d5 Qa5+ 9. Bd2 Qb6 10. fxe4 Bc5 11. e3 O-O 12. Qb3 Na6 13. Qxb6 axb6 14. a3 f5 15. Bd3 Nb4 16. Bxb4 Bxb4+ 17. Ke2 cxd5 18. cxd5 fxe4 19. Bxe4 Bf5 20. Bxf5 Rxf5 21. Nf3 Bd6 22. e4 Rf4 23. Kd3 g5 24. h3 Raf8 25. Rac1 Kh7 26. Rc2 g4 27. hxg4 Rxg4 28. Re2 Rfg8 29. Nh4 Rg3+ 30. Kd2 Be7 31. Nf3 Rxg2 32. Nxe5 Rxe2+ 33. Kxe2 Rg2+ 34. Kf3 Rxb2 1/2-1/2

[Event "County"]
[Site "?"]
[Date "1980.??.??"]
[Round "?"]
[White "Brameld, Arthur F"]
[Black "Headlong, Tim"]
[Result "1-0"]
[WhiteElo "2175"]
[BlackElo "1990"]
[PlyCount "84"]
[EventDate "1980.??.??"]
[EventType "simul"]
[EventRounds "3"]

1. e4 d6 2. d4 Nf6 3. Nc3 g6 4. f4 Bg7 5. Bd3 O-O 6. Nf3 Na6 7. O-O c5 8. d5 Rb8 9. a4 Nb4 10. Bc4 e6 11. dxe6 Bxe6 12. Bxe6 fxe6 13. Ng5 Qe7 14. f5 exf5 15. exf5 gxf5 16. Rxf5 Rbe8 17. Bd2 d5 18. Qf3 d4 19. Re1 Qd7 20. Rxe8 Qxe8 21. Nce4 Nxe4 22. Rxf8+ Bxf8 23. Nxe4 Bg7 24. Nxc5 b6 25. Qb3+ Kh8 26. Qxb4 bxc5 27. Qxc5 Qd7 28. Qc4 h6 29. b3 Qg4 30. Qf1 Qe4 31. Qd3 Qg4 32. Be1 Qe6 33. Bg3 Qg4 34. h3 Qg5 35. Kh2 h5 36. Qe4 Qd2 37. Qf5 Qe2 38. Qd3 Qe7 39. Qf3 Qc5 40. Qe4 Qg5 41. Qe8+ Kh7 42. Qe4+ Kh8 1-0